000 00430nam a2200193Ia 4500
003 OSt
005 20260224113835.0
008 250729s2007 xx 000 0 und d
020 _a978-1912333363
040 _cAL
041 _aeng
082 _a000 HIMS
100 _aHi-Mark
_9229688
245 _aThe school winner
260 _aKerala
_c2007
300 _a619p
700 _aRao Digumurthi
_9229689
942 _2ddc
_cBED
999 _c238415
_d238415